ბათუმის შოთა რუსთაველის სახელმწიფო უნივერსიტეტის ბიბლიოთეკა

The Elements of Computing Systems : (ბიბ.ჩანაწერი № 54306)

000 -LEADER
fixed length control field 00882nam a2200253Ia 4500
001 - CONTROL NUMBER
control field 21362
003 - CONTROL NUMBER IDENTIFIER
control field GE_BSU
005 - DATE AND TIME OF LATEST TRANSACTION
control field 20240212145534.0
008 - FIXED-LENGTH DATA ELEMENTS--GENERAL INFORMATION
fixed length control field 181216s||||||||xx |||||||||||||| ||und||
020 ## - INTERNATIONAL STANDARD BOOK NUMBER
International Standard Book Number 9780262640688x
040 ## - CATALOGING SOURCE
Transcribing agency GE_BSU
080 ## - UNIVERSAL DECIMAL CLASSIFICATION NUMBER
Universal Decimal Classification number 004.16 N-75
100 ## - MAIN ENTRY--PERSONAL NAME
Personal name Nisan, Noam
9 (RLIN) 12762
245 #4 - TITLE STATEMENT
Title The Elements of Computing Systems :
Remainder of title Building a Modern Computer from First Principles /
Statement of responsibility, etc. Noam Nisan, Shimon Schocken.
264 ## - PRODUCTION, PUBLICATION, DISTRIBUTION, MANUFACTURE, AND COPYRIGHT NOTICE
Place of production, publication, distribution, manufacture London :
Name of producer, publisher, distributor, manufacturer Cambridge Massachusetts,
Date of production, publication, distribution, manufacture, or copyright notice 2008.
300 ## - PHYSICAL DESCRIPTION
Extent 324 p. ;
Dimensions 23 cm.
653 ## - INDEX TERM--UNCONTROLLED
keyword The Elements of Computing Systems
653 ## - INDEX TERM--UNCONTROLLED
keyword Building a Modern Computer from First Principles
653 ## - INDEX TERM--UNCONTROLLED
keyword Информационные технологии
653 ## - INDEX TERM--UNCONTROLLED
keyword საინფორმაციო ტექნოლოგიები
700 ## - ADDED ENTRY--PERSONAL NAME
Personal name Schocken, Shimon
Relator term by
9 (RLIN) 12763
942 ## - ADDED ENTRY ELEMENTS (KOHA)
Koha item type წიგნი
Source of classification or shelving scheme
ეგზემპლარები
Withdrawn status Lost status Source of classification or shelving scheme Damaged status Not for loan Permanent Location Current Location Shelving location Date acquired Cost, normal purchase price Full call number Barcode Date last seen Copy number Price effective from Koha item type Public note
          ბათუმის შოთა რუსთაველის სახელმწიფო უნივერსიტეტის მთავარი ბიბლიოთეკა ბათუმის შოთა რუსთაველის სახელმწიფო უნივერსიტეტის მთავარი ბიბლიოთეკა წიგნსაცავი 2018-12-17 114.00 004.16 N-75 55287 2018-12-17 55287 2018-12-17 წიგნი 114.00 GEL.
          ბათუმის შოთა რუსთაველის სახელმწიფო უნივერსიტეტის მთავარი ბიბლიოთეკა ბათუმის შოთა რუსთაველის სახელმწიფო უნივერსიტეტის მთავარი ბიბლიოთეკა წიგნსაცავი 2018-12-17 114.00 004.16 N-75 55288 2018-12-17 55288 2018-12-17 წიგნი 114.00 GEL.